| 000 | 02503nam a2200373 4500 | ||
|---|---|---|---|
| 001 | OTLid0000855 | ||
| 003 | MnU | ||
| 005 | 20201105133411.0 | ||
| 006 | m o d s | ||
| 008 | 200629s2019 mnu o 0 0 eng d | ||
| 020 | _a | ||
| 040 |
_aMnU _beng _cMnU |
||
| 050 | 4 | _aBL1 | |
| 245 | 0 | 0 |
_aStudying the Bible _bThe Tanakh and Early Christian Writings _cGregory Eiselein |
| 264 | 2 | _bOpen Textbook Library | |
| 264 | 1 | _bNew Prairie Press | |
| 300 | _a1 online resource | ||
| 490 | 0 | _aOpen textbook library. | |
| 505 | 0 | _aSection I Introduction -- Chapter One The Bible and Literature -- Chapter Two The Composition, Editing, and Transmission of the Bible -- Section II The Hebrew Bible -- Chapter Three The Torah -- Chapter Four The Former Prophets -- Chapter Five The Latter Prophets -- Chapter Six The Writings -- Chapter Seven Apocalypse -- Chapter Eight The Apocrypha and Post-Exilic Literature -- Section III The Early Christian Writings -- Chapter Nine The Gospels -- Chapter Ten The Acts of the Apostles -- Chapter Eleven The Pauline Letters -- Chapter Twelve The General Letters | |
| 520 | 0 | _aStudying the Bible: The Tanakh and Early Christian Writings is a university-level, textbook introduction to the study of the Bible, its literary forms, and historical and cultural contexts. This textbook is a companion to the Bible courses taught in the English Department at Kansas State University, in particular ENGL 470 The Bible, though it is available for use in other courses and contexts. This textbook examines the Hebrew Bible (also known as the Tanakh) and the early Christian writings of the New Testament. It is an introduction to the analysis of biblical texts, their histories, and their interpretations. The emphasis throughout this textbook is on the literary qualities of these biblical texts as well as their cultural and historical contexts. | |
| 542 | 1 | _fAttribution-NonCommercial | |
| 546 | _aIn English. | ||
| 588 | 0 | _aDescription based on online resource | |
| 650 | 0 |
_aReligion _vTextbooks |
|
| 700 | 1 |
_aEiselein, Gregory _eauthor |
|
| 700 | 1 |
_aGoins, Anna _eauthor |
|
| 700 | 1 |
_aWood, Naomi J. _eauthor |
|
| 710 | 2 |
_aOpen Textbook Library _edistributor |
|
| 856 | 4 | 0 |
_uhttps://open.umn.edu/opentextbooks/textbooks/855 _zAccess online version |
| 999 |
_c20192 _d20192 |
||